[Event "Udaipur Pandiyar op 8th"]
[Site "Udaipur"]
[Date "2023.10.18"]
[Round "8"]
[White "Samarateja, K."]
[Black "Tiwari, Arjun"]
[Result "0-1"]
[WhiteElo "1583"]
[BlackElo "2034"]
[PlyCount "80"]
[EventDate "2023.10.15"]
[EventType "swiss"]
[EventRounds "9"]
[EventCountry "IND"]
[SourceTitle "Mega2024 Update 01"]
[Source "Chessbase"]
[SourceDate "2023.11.12"]
[SourceVersion "1"]
[SourceVersionDate "2023.11.12"]
[SourceQuality "1"]

1. d4 Nf6 2. c4 g6 3. Nc3 Bg7 4. e4 d6 5. Be2 Nbd7 6. Nf3 e5 7. d5 0-0 8. 0-0 Nc5 9. Qc2 a5 10. Be3 Ng4 11. Bg5 f6 12. Bh4 h5 13. h3 Nh6 14. Nd2 g5 15. Bg3 g4 16. hxg4 hxg4 17. f3 f5 18. fxg4 f4 19. Bf2 Bxg4 20. Nf3 Nd7 21. Nb5 b6 22. Bh4 Nf6 23. Nh2 Bd7 24. Bf3 Qc8 25. Qe2 Nh7 26. Kh1 Bf6 27. Bxf6 Rxf6 28. Rg1 Rg6 29. g3 fxg3 30. Qe1 Bxb5 31. Rxg3 Be8 32. Bh5 Rxg3 33. Qxg3+ Kh8 34. Rg1 Qd7 35. Bxe8 Rxe8 36. Qg6 Ng8 37. Rf1 Re7 38. Qh5 Qe8 39. Qh4 Rf7 40. Rg1 Qf8 0-1

[Event "Raipur Chhattisgarh"]
[Site "Raipur"]
[Date "2022.09.27"]
[Round "9"]
[White "Vinod, R Sharna"]
[Black "Tiwari, Arjun"]
[Result "0-1"]
[WhiteElo "2143"]
[BlackElo "2034"]
[PlyCount "106"]
[EventDate "2022.09.19"]
[EventType "swiss"]
[EventRounds "10"]
[EventCountry "IND"]
[SourceTitle "CBM 210 Extra"]
[Source "ChessBase"]
[SourceDate "2022.11.30"]
[SourceVersion "1"]
[SourceVersionDate "2022.11.30"]
[SourceQuality "1"]

1. e4 c5 2. Nf3 Nc6 3. d4 cxd4 4. Nxd4 e5 5. Nf3 Nf6 6. Nc3 Bb4 7. Bc4 Nxe4 8. Qd5 Nd6 9. Bb3 Qa5 10. 0-0 Bxc3 11. bxc3 Qxd5 12. Bxd5 f6 13. Re1 Nb5 14. Bb2 Nc7 15. Bb3 d5 16. Nd4 g5 17. Ba3 Kd8 18. Ne2 Be6 19. Rad1 Kc8 20. g3 a5 21. c4 dxc4 22. Ba4 b5 23. Rd6 Nd8 24. Nc3 bxa4 25. Nxa4 Nb5 26. Nb6+ Kb7 27. Nxa8 Nxd6 28. Bxd6 Kxa8 29. Be7 Nf7 30. Bxf6 Re8 31. c3 Bf5 32. f3 h5 33. Kf2 Re6 34. Bg7 g4 35. f4 exf4 36. Rxe6 Bxe6 37. gxf4 Nd6 38. Be5 Nf5 39. Bc7 a4 40. a3 h4 41. Bd8 h3 42. Kg1 Bd5 43. Bb6 Kb7 44. Bf2 Kc6 45. Ba7 Bf3 46. Kf2 Kd5 47. Bb8 Ke4 48. Be5 Kd3 49. Bf6 g3+ 50. Kg1 g2 51. Kf2 Ng3 52. Bd4 Ne2 53. Kxf3 Nxd4+ 0-1

[Event "Raipur Chhattisgarh"]
[Site "Raipur"]
[Date "2022.09.25"]
[Round "7"]
[White "Arpita, Mukherjee"]
[Black "Tiwari, Arjun"]
[Result "1-0"]
[WhiteElo "2293"]
[BlackElo "2034"]
[PlyCount "57"]
[EventDate "2022.09.19"]
[EventType "swiss"]
[EventRounds "10"]
[EventCountry "IND"]
[SourceTitle "CBM 210 Extra"]
[Source "ChessBase"]
[SourceDate "2022.11.30"]
[SourceVersion "1"]
[SourceVersionDate "2022.11.30"]
[SourceQuality "1"]

1. e4 e5 2. Nf3 Nc6 3. Bb5 f5 4. d3 fxe4 5. dxe4 Nf6 6. 0-0 Bc5 7. Nc3 0-0 8. Bxc6 bxc6 9. Nxe5 Ba6 10. Nd3 Bd4 11. Re1 Qe7 12. Be3 Bxc3 13. bxc3 Nxe4 14. Bc5 d6 15. Ba3 c5 16. f3 Bb7 17. fxe4 Rae8 18. Qg4 Rf6 19. e5 Rg6 20. exd6 Rxg4 21. dxe7 Rxg2+ 22. Kf1 Rxc2 23. Nxc5 Bg2+ 24. Kg1 Bc6 25. Ne4 Bxe4 26. Rxe4 Rxc3 27. Bb4 Rc2 28. Rf1 c5 29. Ref4 1-0

[Event "Raipur Chhattisgarh"]
[Site "Raipur"]
[Date "2022.09.20"]
[Round "2"]
[White "Sammed Jaykumar, Shete"]
[Black "Tiwari, Arjun"]
[Result "0-1"]
[WhiteElo "2387"]
[BlackElo "2034"]
[PlyCount "76"]
[EventDate "2022.09.19"]
[EventType "swiss"]
[EventRounds "10"]
[EventCountry "IND"]
[SourceTitle "CBM 210 Extra"]
[Source "ChessBase"]
[SourceDate "2022.11.30"]
[SourceVersion "1"]
[SourceVersionDate "2022.11.30"]
[SourceQuality "1"]

1. d4 Nf6 2. c4 g6 3. Nc3 Bg7 4. e4 d6 5. f3 0-0 6. Be3 a6 7. Nge2 Nc6 8. Qd2 e5 9. d5 Na5 10. Ng3 b5 11. c5 dxc5 12. Bxc5 Re8 13. Be2 c6 14. Rd1 Nb7 15. Be3 c5 16. 0-0 Bd7 17. b3 Rc8 18. Rc1 h5 19. Nh1 Nd6 20. Nd1 c4 21. Nb2 Ndxe4 22. fxe4 Nxe4 23. Qe1 c3 24. Nd1 b4 25. Bxa6 Ra8 26. Bc4 Rxa2 27. Nhf2 Nd2 28. Nd3 Nxf1 29. Qxf1 Qa5 30. N1f2 e4 31. Nc5 Bh6 32. Bxh6 Qxc5 33. Re1 e3 34. Nd3 Qd4 35. Nxb4 Rf2 36. Nc2 Rxf1+ 37. Kxf1 Qf6+ 38. Kg1 Qf2+ 0-1

[Event "Chennai op 13th"]
[Site "Chennai"]
[Date "2022.06.22"]
[Round "6"]
[White "Ajay, Karthikeyan"]
[Black "Tiwari, Arjun"]
[Result "1-0"]
[WhiteElo "2436"]
[BlackElo "2163"]
[PlyCount "127"]
[EventDate "2022.06.19"]
[EventType "swiss"]
[EventRounds "10"]
[EventCountry "IND"]
[SourceTitle "CBM 209 Extra"]
[Source "ChessBase"]
[SourceDate "2022.09.30"]
[SourceVersion "1"]
[SourceVersionDate "2022.09.30"]
[SourceQuality "1"]

1. e4 c5 2. c3 d6 3. d4 Nf6 4. Bd3 e5 5. dxe5 dxe5 6. Nf3 Nc6 7. 0-0 a6 8. a4 Be7 9. Qe2 Qc7 10. h3 0-0 11. Bg5 Nh5 12. Be3 Be6 13. Nbd2 Rad8 14. Rfd1 Na5 15. Bc2 g6 16. Nh2 Rd7 17. Ng4 Rfd8 18. Nh6+ Kh8 19. Qf3 Nf4 20. Ng4 f6 21. Nh2 Kg7 22. Nhf1 Nd3 23. b3 Nb2 24. Rdb1 Nd3 25. h4 h5 26. g3 Bg4 27. Qh1 Be6 28. f3 c4 29. b4 Nb3 30. Nxb3 cxb3 31. Bxb3 Bxb3 32. Rxb3 Qc4 33. Nd2 Qe6 34. Qh2 a5 35. bxa5 Bc5 36. Bxc5 Nxc5 37. Rb2 Nd3 38. Rc2 Qc6 39. Nf1 Nc5 40. Ne3 Rd3 41. Qf2 Nb3 42. Re1 Qxa4 43. Ra2 Qc6 44. Nd5 Qc4 45. Qb6 Rf8 46. Rf2 Rf7 47. Qb4 Qxb4 48. cxb4 f5 49. Re3 fxe4 50. fxe4 Rd1+ 51. Kg2 Rxf2+ 52. Kxf2 Nd4 53. Rc3 Rd2+ 54. Ke3 Rg2 55. Rc7+ Kh8 56. Rxb7 Rxg3+ 57. Kd2 Ra3 58. Nc7 Nb3+ 59. Ke2 Nd4+ 60. Kd1 Ra1+ 61. Kd2 Nb3+ 62. Kc2 Nxa5 63. Ra7 Ra2+ 64. Kb1 1-0

[Event "New Delhi Parsvnath blitz op 18th"]
[Site "New Delhi"]
[Date "2020.01.14"]
[Round "9"]
[White "Garv, Gaur"]
[Black "Tiwari, Arjun"]
[Result "1-0"]
[WhiteElo "1888"]
[BlackElo "2101"]
[PlyCount "53"]
[EventDate "2020.01.14"]
[EventType "swiss (blitz)"]
[EventRounds "9"]
[EventCountry "IND"]
[SourceTitle "CBM 194 Extra"]
[Source "ChessBase"]
[SourceDate "2020.03.31"]
[SourceVersion "1"]
[SourceVersionDate "2020.03.31"]
[SourceQuality "1"]

1. d4 Nf6 2. Nf3 g6 3. c4 Bg7 4. g3 0-0 5. Bg2 d6 6. 0-0 a6 7. Nc3 Nc6 8. h3 Nd7 9. e4 e5 10. Be3 exd4 11. Nxd4 Nxd4 12. Bxd4 Ne5 13. b3 c5 14. Bxe5 Bxe5 15. Rc1 Be6 16. Nd5 Bd4 17. Kh2 b5 18. f4 f5 19. exf5 Bxf5 20. Re1 Ra7 21. Qe2 bxc4 22. Qxc4 Kh8 23. Rcd1 a5 24. Rxd4 cxd4 25. Qxd4+ Rg7 26. Re7 Rff7 27. Rxf7 1-0

[Event "New Delhi Parsvnath blitz op 18th"]
[Site "New Delhi"]
[Date "2020.01.14"]
[Round "7"]
[White "Manish, Kumar7777"]
[Black "Tiwari, Arjun"]
[Result "1-0"]
[WhiteElo "2168"]
[BlackElo "2101"]
[PlyCount "95"]
[EventDate "2020.01.14"]
[EventType "swiss (blitz)"]
[EventRounds "9"]
[EventCountry "IND"]
[SourceTitle "CBM 194 Extra"]
[Source "ChessBase"]
[SourceDate "2020.03.31"]
[SourceVersion "1"]
[SourceVersionDate "2020.03.31"]
[SourceQuality "1"]

1. e4 b6 2. d4 Bb7 3. Nc3 e6 4. Bd3 Bb4 5. Nge2 Nf6 6. e5 Nd5 7. 0-0 Nxc3 8. bxc3 Be7 9. Ng3 d5 10. Qg4 g6 11. Bh6 c5 12. dxc5 bxc5 13. Rab1 Bc6 14. c4 d4 15. Ne4 Nd7 16. f4 Qa5 17. Bg5 h5 18. Qh4 Qd8 19. Bxe7 Qxe7 20. Nd6+ Kf8 21. Qe1 Kg7 22. f5 exf5 23. Rxf5 Rhf8 24. Rxh5 f5 25. Nxf5+ Rxf5 26. Bxf5 gxh5 27. Qg3+ Kh8 28. Qg6 Nxe5 29. Qxh5+ Kg8 30. Rf1 Qg7 31. Be6+ Nf7 32. Bxf7+ Kf8 33. Bd5+ Ke7 34. Re1+ Kd7 35. Qf5+ Kc7 36. Qf4+ Kb6 37. Rb1+ Ka5 38. Bxc6 Rf8 39. Qd2+ Ka6 40. Bb5+ Kb6 41. Ba4+ Kc7 42. Qa5+ Kd6 43. Qa6+ Ke5 44. Re1+ Kf4 45. Qd6+ Kg4 46. Bd7+ Kh4 47. Re4+ Kh5 48. Re5+ 1-0

[Event "New Delhi Parsvnath op-A 18th"]
[Site "New Delhi"]
[Date "2020.01.09"]
[Round "1"]
[White "Gholami, Aryan"]
[Black "Tiwari, Arjun"]
[Result "1-0"]
[WhiteElo "2541"]
[BlackElo "2101"]
[PlyCount "109"]
[EventDate "2020.01.09"]
[EventType "swiss"]
[EventRounds "10"]
[EventCountry "IND"]
[SourceTitle "CBM 194 Extra"]
[Source "ChessBase"]
[SourceDate "2020.03.31"]
[SourceVersion "1"]
[SourceVersionDate "2020.03.31"]
[SourceQuality "1"]

1. Nf3 Nf6 2. g3 g6 3. b3 Bg7 4. Bb2 0-0 5. Bg2 d6 6. d4 e5 7. dxe5 Nfd7 8. 0-0 dxe5 9. Nfd2 Nc6 10. c4 Nd4 11. Nc3 f5 12. e3 Ne6 13. Qc2 c6 14. b4 e4 15. Rad1 Qg5 16. Qb3 Ne5 17. c5 Kh8 18. Ne2 Qh6 19. h4 g5 20. Bxe5 Bxe5 21. Nc4 Bc7 22. hxg5 Nxg5 23. Nf4 Be6 24. Qc3+ Qg7 25. Qxg7+ Kxg7 26. Nxe6+ Nxe6 27. Rd7+ Rf7 28. Rfd1 b5 29. Nd6 Rxd7 30. Nxf5+ Kf6 31. Rxd7 Kxf5 32. Bh3+ Kf6 33. Bxe6 Bxg3 34. Bb3 Be5 35. Rxh7 Bc3 36. Bc2 Bxb4 37. Bxe4 Bxc5 38. Rh6+ Ke5 39. Bxc6 Rg8+ 40. Kf1 Bb6 41. Bxb5 Kd5 42. Rh5+ Kd6 43. Bc4 Rc8 44. Bb3 Rc3 45. Ke2 Rc1 46. Rd5+ Kc6 47. Rd1 Rc3 48. Kd2 Rc5 49. Rc1 Ba5+ 50. Kd1 Bc3 51. Ke2 Kb5 52. Kd3 Kb4 53. f4 Bb2 54. Rc2 Rc4 55. Rxc4+ 1-0

[Event "Mumbai Wealth op 5th"]
[Site "Mumbai"]
[Date "2020.01.05"]
[Round "7"]
[White "Girinath, PDS"]
[Black "Tiwari, Arjun"]
[Result "1-0"]
[WhiteElo "2330"]
[BlackElo "2101"]
[PlyCount "81"]
[EventDate "2019.12.30"]
[EventType "swiss"]
[EventRounds "9"]
[EventCountry "IND"]
[SourceTitle "CBM 194 Extra"]
[Source "ChessBase"]
[SourceDate "2020.03.31"]
[SourceVersion "1"]
[SourceVersionDate "2020.03.31"]
[SourceQuality "1"]

1. d4 Nf6 2. Nc3 c5 3. d5 e5 4. e4 d6 5. a4 g6 6. Nf3 Bg7 7. Nd2 0-0 8. Nc4 Ne8 9. h4 f5 10. h5 Nd7 11. hxg6 hxg6 12. exf5 gxf5 13. Qh5 Ndf6 14. Qg6 Qe7 15. Nb5 f4 16. Ra3 Nxd5 17. Ncxd6 Nxd6 18. Nxd6 Rf6 19. Qh7+ Kf8 20. Nxc8 Rxc8 21. Bc4 Rd8 22. Rd3 Rfd6 23. Rh5 Nf6 24. Rf5 Qf7 25. Rxd6 Rxd6 26. Bxf7 Nxh7 27. Bd5+ Bf6 28. Bxb7 Kg7 29. g3 Rd7 30. Bg2 fxg3 31. fxg3 Nf8 32. Be3 Ne6 33. c3 Rd3 34. Ke2 Rd6 35. Be4 c4 36. Rh5 Kf7 37. Rh7+ Bg7 38. Rh1 Ra6 39. Ra1 Ra5 40. Bc6 Nc7 41. Rd1 1-0

[Event "Chennai op 10th"]
[Site "Chennai"]
[Date "2018.01.23"]
[Round "8"]
[White "Tiwari, Arjun"]
[Black "Horvath, Adam"]
[Result "0-1"]
[WhiteElo "2179"]
[BlackElo "2484"]
[PlyCount "66"]
[EventDate "2018.01.18"]
[EventType "swiss"]
[EventRounds "10"]
[EventCountry "IND"]
[SourceTitle "CBM 182 Extra"]
[Source "ChessBase"]
[SourceDate "2018.02.23"]
[SourceVersion "1"]
[SourceVersionDate "2018.02.23"]
[SourceQuality "1"]

1. e4 c5 2. Nc3 a6 3. f4 b5 4. Nf3 Bb7 5. d3 e6 6. Qe2 Nc6 7. g3 Nd4 8. Nxd4 cxd4 9. Nd1 Rc8 10. Bg2 Bb4+ 11. c3 dxc3 12. bxc3 Rxc3 13. 0-0 Rc8 14. Bb2 Nf6 15. g4 0-0 16. f5 d5 17. g5 Ne8 18. f6 dxe4 19. Bxe4 Bxe4 20. Qxe4 Bc5+ 21. Nf2 Nd6 22. Qe2 g6 23. d4 Bb6 24. Rad1 Nf5 25. Ng4 Qd5 26. Qf3 Qxf3 27. Rxf3 Rfd8 28. Ba3 Rxd4 29. Rxd4 Bxd4+ 30. Kh1 h5 31. gxh6 Kh7 32. Be7 Rc1+ 33. Kg2 Nh4+ 0-1

[Event "Hyderabad op"]
[Site "Hyderabad"]
[Date "2017.09.27"]
[Round "5"]
[White "Gusain, Himal"]
[Black "Tiwari, Arjun"]
[Result "1-0"]
[WhiteElo "2454"]
[BlackElo "2227"]
[PlyCount "119"]
[EventDate "2017.09.25"]
[EventType "swiss"]
[EventRounds "10"]
[EventCountry "IND"]
[SourceTitle "EXT 2018"]
[Source "ChessBase"]
[SourceDate "2017.10.13"]
[SourceVersion "1"]
[SourceVersionDate "2017.10.13"]
[SourceQuality "1"]

1. e4 c5 2. Nf3 Nc6 3. d4 cxd4 4. Nxd4 e5 5. Nb5 d6 6. N1c3 a6 7. Na3 b5 8. Nd5 Nf6 9. Bg5 Be7 10. Bxf6 Bxf6 11. c4 b4 12. Nc2 a5 13. g3 0-0 14. h4 Rb8 15. b3 Be6 16. Bg2 Bxd5 17. cxd5 Nd4 18. Bh3 Nb5 19. 0-0 Nc3 20. Qd3 Qb6 21. Bd7 Bd8 22. a3 Qc5 23. axb4 axb4 24. Rfc1 Bb6 25. Qf3 g6 26. Kg2 Kg7 27. Nxb4 Qxb4 28. Rxc3 Bd4 29. Rc4 Qxc4 30. bxc4 Bxa1 31. Qa3 Bd4 32. Qxd6 Rb2 33. h5 Rxf2+ 34. Kh3 Ra8 35. hxg6 hxg6 36. c5 Ra3 37. c6 Rff3 38. c7 Rxg3+ 39. Kh2 Bg1+ 40. Kh1 Bd4 41. Qxa3 Rxa3 42. c8Q Re3 43. d6 Rxe4 44. Bc6 Re1+ 45. Kg2 e4 46. d7 Bf6 47. d8Q Bxd8 48. Qxd8 Re2+ 49. Kg3 Re3+ 50. Kf4 Rd3 51. Qe7 Rf3+ 52. Kxe4 Rf5 53. Bd5 Kg8 54. Kd4 Kg7 55. Kc5 Kg8 56. Kd6 Kg7 57. Qe4 Kg8 58. Ke7 Kg7 59. Ke8 Kg8 60. Bxf7+ 1-0

[Event "IND-ch Challengers 55th"]
[Site "Ahmedabad"]
[Date "2017.08.16"]
[Round "6"]
[White "Tiwari, Arjun"]
[Black "Swayams, Mishra"]
[Result "0-1"]
[WhiteElo "2251"]
[BlackElo "2455"]
[PlyCount "94"]
[EventDate "2017.08.13"]
[EventType "swiss"]
[EventRounds "13"]
[EventCountry "IND"]
[SourceTitle "CBM 180 Extra"]
[Source "ChessBase"]
[SourceDate "2017.10.06"]
[SourceVersion "1"]
[SourceVersionDate "2017.10.06"]
[SourceQuality "1"]

1. e4 e6 2. d3 d5 3. Nd2 Nf6 4. Ngf3 b6 5. c3 c5 6. Be2 Bb7 7. 0-0 Be7 8. Qa4+ Nc6 9. Ne5 Qc7 10. Nxc6 Bxc6 11. Qc2 0-0 12. f4 dxe4 13. dxe4 Qb7 14. e5 Nd5 15. Nf3 b5 16. c4 Nb4 17. Qc3 Be4 18. Ne1 bxc4 19. Bxc4 Nd5 20. Qg3 Nb6 21. Bd3 c4 22. Bc2 Bxc2 23. Nxc2 Qe4 24. Qf2 Nd5 25. Re1 Qg6 26. Be3 Rab8 27. Rab1 a5 28. Kh1 Rfc8 29. Rf1 Qe4 30. Bd4 Nb4 31. Nxb4 axb4 32. Rbe1 Qf5 33. Qf3 h5 34. h3 Rd8 35. Ba7 Rd3 36. Qc6 Rbd8 37. Qxc4 Rxh3+ 38. Kg1 Rhd3 39. Bb6 R8d5 40. Qe4 Rb5 41. Qc6 Rdd5 42. Rc1 Kh7 43. Be3 Bh4 44. Bc5 Qd3 45. Bf2 Bxf2+ 46. Rxf2 Qe3 47. Kf1 Rbc5 0-1

[Event "Chennai op 9th"]
[Site "Chennai"]
[Date "2017.01.23"]
[Round "8"]
[White "Srijit, Paul"]
[Black "Tiwari, Arjun"]
[Result "1/2-1/2"]
[WhiteElo "2347"]
[BlackElo "2169"]
[PlyCount "81"]
[EventDate "2017.01.18"]
[EventType "swiss"]
[EventRounds "10"]
[EventCountry "IND"]
[SourceTitle "CBM 176 Extra"]
[Source "ChessBase"]
[SourceDate "2017.03.02"]
[SourceVersion "1"]
[SourceVersionDate "2017.03.02"]
[SourceQuality "1"]

1. e4 c5 2. Nf3 a6 3. c4 e6 4. d4 cxd4 5. Nxd4 Qc7 6. Nc3 Nf6 7. a3 Nxe4 8. Nxe4 Qe5 9. f3 f5 10. g3 fxe4 11. Bf4 Qh5 12. fxe4 Qxd1+ 13. Rxd1 Be7 14. Bg2 Nc6 15. Rf1 0-0 16. Bc7 Rxf1+ 17. Bxf1 Bd8 18. Bd6 Be7 19. Nxc6 Bxd6 20. Rxd6 bxc6 21. Kd2 a5 22. b3 Rb8 23. Kc3 c5 24. e5 Kf7 25. Bd3 g6 26. g4 h6 27. h4 g5 28. hxg5 hxg5 29. Be4 Ke7 30. Rd2 Ba6 31. Rd6 Bc8 32. Bf3 Kd8 33. Rd2 Kc7 34. Rh2 Ba6 35. Be2 Rf8 36. Rh5 Rf2 37. Bd1 Bb7 38. Rxg5 Bf3 39. Bxf3 Rxf3+ 40. Kc2 Rf2+ 41. Kc3 1/2-1/2

[Event "Chennai op 9th"]
[Site "Chennai"]
[Date "2017.01.23"]
[Round "7"]
[White "Tiwari, Arjun"]
[Black "Ashutosh, Kumar2222"]
[Result "1-0"]
[WhiteElo "2169"]
[BlackElo "1967"]
[PlyCount "115"]
[EventDate "2017.01.18"]
[EventType "swiss"]
[EventRounds "10"]
[EventCountry "IND"]
[SourceTitle "CBM 176 Extra"]
[Source "ChessBase"]
[SourceDate "2017.03.02"]
[SourceVersion "1"]
[SourceVersionDate "2017.03.02"]
[SourceQuality "1"]

1. e4 c5 2. Nc3 Nc6 3. Bb5 Nd4 4. Bc4 a6 5. a4 g6 6. Nf3 Bg7 7. Nxd4 cxd4 8. Qf3 e6 9. Ne2 Ne7 10. c3 Qc7 11. Bb3 Nc6 12. cxd4 Nxd4 13. Nxd4 Bxd4 14. 0-0 0-0 15. d3 d6 16. Bh6 Re8 17. a5 Bxb2 18. Ra2 Be5 19. Qe3 Bd7 20. Rc1 Qd8 21. f4 Bh8 22. d4 Bc6 23. e5 Rc8 24. Bg5 Qd7 25. Rd1 d5 26. h4 Bb5 27. h5 Rc7 28. h6 Rec8 29. Qe1 f6 30. Bxf6 Bxf6 31. exf6 Rc3 32. Rb2 Qf7 33. Qe5 Rf8 34. Re1 Bd7 35. Ba2 Bc8 36. Rb6 Rc6 37. Rxc6 bxc6 38. Rc1 Bd7 39. Qd6 Be8 40. Re1 Qxf6 41. Qxe6+ Qxe6 42. Rxe6 Bd7 43. Re7 Rf7 44. Rxf7 Kxf7 45. Bb3 Bf5 46. Ba4 Bd7 47. Bc2 Bf5 48. Ba4 Bd7 49. g4 Bxg4 50. Bxc6 Ke6 51. Kf2 Bf5 52. Bb5 Kf6 53. Bxa6 g5 54. Kg3 Kg6 55. Bb7 Bd3 56. a6 Bxa6 57. Bxa6 Kxh6 58. Bb7 1-0

[Event "Chennai op 9th"]
[Site "Chennai"]
[Date "2017.01.18"]
[Round "1"]
[White "Tiwari, Arjun"]
[Black "Suriya, SV."]
[Result "1-0"]
[WhiteElo "2169"]
[BlackElo "1616"]
[PlyCount "75"]
[EventDate "2017.01.18"]
[EventType "swiss"]
[EventRounds "10"]
[EventCountry "IND"]
[SourceTitle "CBM 176 Extra"]
[Source "ChessBase"]
[SourceDate "2017.03.02"]
[SourceVersion "1"]
[SourceVersionDate "2017.03.02"]
[SourceQuality "1"]

1. e4 c5 2. Nc3 d6 3. f4 a6 4. Nf3 Nc6 5. g3 Bg4 6. h3 Bxf3 7. Qxf3 Nd4 8. Qd1 e5 9. d3 Be7 10. Bg2 Nf6 11. 0-0 0-0 12. Be3 b5 13. fxe5 dxe5 14. Nd5 Ne6 15. Rf5 Qd6 16. Nxe7+ Qxe7 17. Rxe5 Qd6 18. Rf5 Qxg3 19. Bf2 Qg6 20. Bxc5 Nxc5 21. Rxc5 Rac8 22. Rf5 Rfd8 23. Qe2 Rd6 24. Raf1 Rdc6 25. c3 b4 26. e5 Re6 27. Qf3 bxc3 28. bxc3 Nd7 29. Rxf7 Ree8 30. Rxd7 Rf8 31. Qd5+ Kh8 32. Rxf8+ Rxf8 33. Qd6 Qf5 34. Rd8 Qf2+ 35. Kh1 Kg8 36. Bd5+ Kh8 37. Rxf8+ Qxf8 38. Qxf8# 1-0

[Event "New Delhi Parsvnath op 15th"]
[Site "New Delhi"]
[Date "2017.01.15"]
[Round "9"]
[White "Das, Sayantan"]
[Black "Tiwari, Arjun"]
[Result "1-0"]
[WhiteElo "2371"]
[BlackElo "2169"]
[PlyCount "69"]
[EventDate "2017.01.09"]
[EventType "swiss"]
[EventRounds "10"]
[EventCountry "IND"]
[SourceTitle "CBM 176 Extra"]
[Source "ChessBase"]
[SourceDate "2017.03.02"]
[SourceVersion "1"]
[SourceVersionDate "2017.03.02"]
[SourceQuality "1"]

1. e4 e5 2. Nf3 Nc6 3. d4 exd4 4. Nxd4 Bc5 5. Nb3 Bb6 6. Nc3 Nf6 7. Qe2 0-0 8. Bg5 h6 9. Bh4 Nd4 10. Qd3 Nxb3 11. axb3 Re8 12. 0-0-0 Ba5 13. Nd5 g5 14. Nxf6+ Qxf6 15. Bg3 Bb6 16. e5 Qg7 17. h4 g4 18. Qd2 a5 19. Qf4 Bc5 20. Bb5 Re7 21. h5 d6 22. Rhe1 Be6 23. Bh4 dxe5 24. Qxe5 Qxe5 25. Rxe5 Bd6 26. Re4 f5 27. Ree1 Bf4+ 28. Kb1 Bg5 29. Bxg5 hxg5 30. Rxe6 Rxe6 31. Bc4 Kf7 32. Re1 Rae8 33. h6 Kf6 34. Rxe6+ Rxe6 35. Bxe6 1-0

[Event "New Delhi Parsvnath op 15th"]
[Site "New Delhi"]
[Date "2017.01.12"]
[Round "5"]
[White "Raghunandan, Kaumandur Srihari"]
[Black "Tiwari, Arjun"]
[Result "1-0"]
[WhiteElo "2416"]
[BlackElo "2169"]
[PlyCount "117"]
[EventDate "2017.01.09"]
[EventType "swiss"]
[EventRounds "10"]
[EventCountry "IND"]
[SourceTitle "CBM 176 Extra"]
[Source "ChessBase"]
[SourceDate "2017.03.02"]
[SourceVersion "1"]
[SourceVersionDate "2017.03.02"]
[SourceQuality "1"]

1. d4 Nf6 2. Nf3 g6 3. c4 Bg7 4. Nc3 0-0 5. e4 d6 6. Be2 e5 7. d5 Na6 8. 0-0 Nc5 9. Qc2 a5 10. Bg5 h6 11. Be3 Nh7 12. g3 f5 13. exf5 Bxf5 14. Qd2 Ne4 15. Nxe4 Bxe4 16. Nh4 g5 17. f3 gxh4 18. fxe4 hxg3 19. hxg3 Ng5 20. Rxf8+ Bxf8 21. Rf1 Be7 22. Bg4 Qe8 23. Qh2 Qg6 24. Bf5 Qg7 25. Kg2 Rf8 26. Qh5 b6 27. Rh1 Rf6 28. Rh4 Bd8 29. Qg4 Nf7 30. Rh5 Qxg4 31. Bxg4 Be7 32. a3 Bf8 33. b4 axb4 34. axb4 Bg7 35. Rh1 Ng5 36. Bxg5 hxg5 37. Be6+ Kf8 38. Ra1 Bh6 39. Ra8+ Ke7 40. Ra7 Kd8 41. Ra8+ Ke7 42. Rc8 c5 43. dxc6 Kxe6 44. Re8+ Kf7 45. c7 Kxe8 46. c8Q+ Kf7 47. Qb7+ Kg6 48. Qxb6 g4 49. Qg1 Rf3 50. Qd1 Be3 51. Qxd6+ Rf6 52. Qd1 Rf2+ 53. Kh1 Kh5 54. c5 Rb2 55. c6 Rxb4 56. Qe1 Rc4 57. Qxe3 Rxc6 58. Qf2 Kh6 59. Qf8+ 1-0

[Event "Mumbai Wealth op 2nd"]
[Site "Mumbai"]
[Date "2016.12.30"]
[Round "5"]
[White "Tiwari, Arjun"]
[Black "Gusain, Himal"]
[Result "1/2-1/2"]
[WhiteElo "2146"]
[BlackElo "2448"]
[PlyCount "92"]
[EventDate "2016.12.26"]
[EventType "swiss"]
[EventRounds "9"]
[EventCountry "IND"]
[SourceTitle "CBM 176 Extra"]
[Source "ChessBase"]
[SourceDate "2017.03.02"]
[SourceVersion "1"]
[SourceVersionDate "2017.03.02"]
[SourceQuality "1"]

1. e4 e5 2. Nf3 Nc6 3. d4 exd4 4. Bc4 Nf6 5. 0-0 Nxe4 6. Re1 d5 7. Bxd5 Qxd5 8. Nc3 Qd7 9. Nxe4 Be7 10. Bg5 0-0 11. Bxe7 Qxe7 12. Nxd4 Bd7 13. Nb3 Rad8 14. Nec5 Bc8 15. Rxe7 Rxd1+ 16. Rxd1 Nxe7 17. Nd4 b6 18. Nd3 Rd8 19. Re1 Rxd4 20. Rxe7 Bd7 21. f3 Kf8 22. Re3 c5 23. Kf2 Bb5 24. Ke1 f6 25. Nf2 Kf7 26. b3 c4 27. Re4 Rxe4+ 28. Nxe4 cxb3 29. cxb3 Ke6 30. Nc3 Bc6 31. Kf2 h5 32. h4 g5 33. g3 a5 34. a3 Kf7 35. Ke3 Ke6 36. Ne2 Bd5 37. Nd4+ Kd6 38. b4 axb4 39. axb4 Bf7 40. Nf5+ Kd5 41. hxg5 fxg5 42. f4 g4 43. Ne7+ Kc4 44. Nc8 Be6 45. Nxb6+ Kxb4 46. f5 Bxf5 1/2-1/2

[Event "IND-ch Challengers 54th"]
[Site "Noida"]
[Date "2016.07.19"]
[Round "13"]
[White "Gomes, Mary Ann"]
[Black "Tiwari, Arjun"]
[Result "1/2-1/2"]
[WhiteElo "2301"]
[BlackElo "2155"]
[PlyCount "91"]
[EventDate "2016.07.09"]
[EventType "swiss"]
[EventRounds "13"]
[EventCountry "IND"]
[SourceTitle "CBM 173 Extra"]
[Source "ChessBase"]
[SourceDate "2016.08.29"]
[SourceVersion "1"]
[SourceVersionDate "2016.08.29"]
[SourceQuality "1"]

1. Nf3 g6 2. g3 Bg7 3. Bg2 e5 4. d3 d6 5. c4 f5 6. Nc3 Nf6 7. h4 h6 8. Bd2 Nc6 9. Qc1 Be6 10. Rb1 Qe7 11. Nh2 e4 12. dxe4 fxe4 13. Nxe4 Bf5 14. Nc3 Ne5 15. 0-0 Bxb1 16. Qxb1 0-0-0 17. Bf4 Qf7 18. Nd5 Kb8 19. Nxf6 Bxf6 20. Qe4 c6 21. Bxe5 Bxe5 22. b4 g5 23. h5 Rhe8 24. Qg4 d5 25. b5 dxc4 26. bxc6 c3 27. Qa4 Bd4 28. e3 Bb6 29. Ng4 Rd2 30. Nxh6 Qxh5 31. Ng4 Qf7 32. Nf6 Qxf6 33. c7+ Kxc7 34. Qxe8 c2 35. Qa8 Qxf2+ 36. Rxf2 c1Q+ 37. Rf1 Bxe3+ 38. Kh1 Qxf1+ 39. Bxf1 Rd8 40. Qxd8+ Kxd8 41. Kg2 Kc7 42. Kf3 Bc1 43. Ke4 Kb6 44. Kd3 Kc5 45. Kc2 Be3 46. g4 1/2-1/2

[Event "IND-ch Challengers 54th"]
[Site "Noida"]
[Date "2016.07.17"]
[Round "11"]
[White "Nitin, Senthilvel"]
[Black "Tiwari, Arjun"]
[Result "1-0"]
[WhiteElo "2398"]
[BlackElo "2155"]
[PlyCount "57"]
[EventDate "2016.07.09"]
[EventType "swiss"]
[EventRounds "13"]
[EventCountry "IND"]
[SourceTitle "CBM 173 Extra"]
[Source "ChessBase"]
[SourceDate "2016.08.29"]
[SourceVersion "1"]
[SourceVersionDate "2016.08.29"]
[SourceQuality "1"]

1. e4 c5 2. Nf3 Nc6 3. c3 d6 4. d4 Nf6 5. Be2 cxd4 6. cxd4 Nxe4 7. d5 Qa5+ 8. Nc3 Nxc3 9. bxc3 Nb8 10. 0-0 Nd7 11. c4 Nc5 12. a4 Bd7 13. Bd2 Qc7 14. Bc3 a6 15. Re1 Rg8 16. Bf1 g6 17. Ng5 h6 18. Ne4 Nxe4 19. Rxe4 e5 20. dxe6 Bxe6 21. Qe1 Be7 22. Rxe6 fxe6 23. Qxe6 Kf8 24. Re1 Re8 25. Re3 Qc6 26. Rf3+ Qxf3 27. gxf3 Bg5 28. Qxd6+ Kf7 29. c5 1-0